| 000 | 00418pab a2200157 454500 | ||
|---|---|---|---|
| 008 | 180718b1998 xxu||||| |||| 00| 0 eng d | ||
| 100 | _aLee, Eddy | ||
| 245 | _aEmployment in the global economy: high rates of growth and economic reforms | ||
| 260 | _c1998 | ||
| 300 | _ap.8-12 | ||
| 362 | _aJan-Feb | ||
| 650 | _aEconomic reform | ||
| 650 | _aEmployment | ||
| 773 | _aDevelopment and Cooperation | ||
| 909 | _a36993 | ||
| 999 |
_c36993 _d36993 |
||